| 000 | 00916nam a2200229Ia 4500 | ||
|---|---|---|---|
| 003 | GCL | ||
| 008 | 140319s9999 xx 000 0 ara d | ||
| 020 | _a9182314977 | ||
| 040 |
_aGCL / _cGCL |
||
| 082 | 0 | 4 |
_a778.9 _bر ف |
| 100 | 1 | _aربيع حامد خليفة | |
| 245 | 1 | 0 |
_aفن الصور الشخصية فى مدرسة التصوير العثمانى / _cربيع حامد خليفة |
| 250 | _aالثانية | ||
| 260 |
_aالقاهرة : _bمكتبة زهراء الشرق ، _c2006 |
||
| 300 |
_a351 ص ؛ _c24 سم |
||
| 650 | 0 | 4 | _aالاشخاص فى الفن |
| 650 | 0 | 4 | _aصور الاشخاص - تاريخ - العصر العثمانى |
| 650 | 0 | 4 | _aاللوحات الفنية - تاريخ - العصر العثمانى |
| 650 | 0 | 4 | _aالتصوير - تاريخ - العصر العثمانى |
| 650 | 0 | 4 | _aرسم الاشخاص - تاريخ - العصر العثمانى |
| 942 |
_2ddc _cBK |
||
| 999 |
_c8240 _d8240 |
||